| 000 | 00447nam a2200145Ia 4500 | ||
|---|---|---|---|
| 008 | 200619s9999 xx 000 0 und d | ||
| 020 | _a0-9517936-8-3 | ||
| 100 | _aRobinson, Jancis | ||
| 245 |
_cJancis Robinson.-- _aWines and spirits: _bLooking behind the label:/ |
||
| 260 |
_aLondon : _bWine & Spirit Education Trust _c2005 |
||
| 300 | _aix, 93 pages | ||
| 500 | _aIncludes Index | ||
| 650 | _aWine and wine making. | ||
| 650 | _aWine labels. | ||
| 999 |
_c363719 _d363719 |
||